China's changing political landscape: prospects for democracy
Ebook from IG Library
保存先:
| 第一著者: | |
|---|---|
| フォーマット: | 図書 |
| 言語: | Undetermined |
| 出版事項: |
Brookings Institution Press
2008
|
| 主題: | |
| オンライン・アクセス: | http://lrc.tdmu.edu.vn/opac/search/detail.asp?aID=2&ID=38896 |
| タグ: |
タグ追加
タグなし, このレコードへの初めてのタグを付けませんか!
|
| Thư viện lưu trữ: | Trung tâm Học liệu Trường Đại học Thủ Dầu Một |
|---|
| LEADER | 00619nam a2200181Ia 4500 | ||
|---|---|---|---|
| 001 | TDMU_38896 | ||
| 008 | 210410s9999 xx 000 0 und d | ||
| 082 | |a NULL | ||
| 100 | |a Cheng Li | ||
| 245 | 0 | |a China's changing political landscape: prospects for democracy | |
| 245 | 0 | |c Cheng Li | |
| 260 | |b Brookings Institution Press | ||
| 260 | |c 2008 | ||
| 300 | |a 361Pages | ||
| 520 | |a Ebook from IG Library | ||
| 650 | |a Political science |z China; Chính trị |z Trung Quốc | ||
| 856 | |u http://lrc.tdmu.edu.vn/opac/search/detail.asp?aID=2&ID=38896 | ||
| 980 | |a Trung tâm Học liệu Trường Đại học Thủ Dầu Một | ||